Ứng xử trong quan hệ vợ chồng

Αποθηκεύτηκε σε:
Λεπτομέρειες βιβλιογραφικής εγγραφής
Κύριος συγγραφέας: Thanh Hằng
Μορφή: Βιβλίο
Γλώσσα:Undetermined
Έκδοση: H. VHTT 2003
Θέματα:
Ετικέτες: Προσθήκη ετικέτας
Δεν υπάρχουν, Καταχωρήστε ετικέτα πρώτοι!
Thư viện lưu trữ: Trung tâm Học liệu Trường Đại học Cần Thơ
LEADER 00492nam a2200181Ia 4500
001 CTU_54471
008 210402s9999 xx 000 0 und d
020 |b 24000 
082 |a 646.78 
082 |b Th107 
100 |a Thanh Hằng 
245 0 |a Ứng xử trong quan hệ vợ chồng 
245 0 |c Thanh Hằng 
260 |a H. 
260 |b VHTT 
260 |c 2003 
650 |a domestic relations,husband and wife 
980 |a Trung tâm Học liệu Trường Đại học Cần Thơ